The meaning of the local : politics of place in urban India

Αποθηκεύτηκε σε:
Λεπτομέρειες βιβλιογραφικής εγγραφής
Άλλοι συγγραφείς: Neve, Geert de (Επιμελητής έκδοσης), Donner, Henrike (Επιμελητής έκδοσης)
Μορφή: Βιβλίο
Γλώσσα:English
Δημοσίευση: London and New York : Routledge, 2006
Θέματα:
Ετικέτες: Προσθήκη ετικέτας
Δεν υπάρχουν, Καταχωρήστε ετικέτα πρώτοι!

MARC

LEADER 00000nam a2200000 i 4500
001 1/26616
008 130226s2006 eng d
020 |a 978-1-84472-114-6 
035 |l 10113865 
040 |a GR-MY-UA  |b gre  |e aacr 
041 0 |a eng 
082 0 |a 307.760954  |2 (22) 
245 1 4 |a The meaning of the local :  |b politics of place in urban India /  |c edited by Geert De Neve and Henrike Donner 
260 |a London and New York :   |b Routledge,   |c 2006 
300 |a xi, 238 σ.;  |c 24 εκ. 
504 |a Περιλαμβάνει βιβλιογραφία και ευρετήριο 
650 0 0 |a Human geography  |z India. 
651 0 |a India  |x Social conditions. 
700 1 |a Neve, Geert de.  |4 edt 
700 1 |a Donner, Henrike.  |4 edt 
852 |a INST  |b LESVOS  |e 20130226  |h 307.760954 MEA  |p 005100051805  |q 005100051805  |t BK  |y 0 
901 |a BIBL1-2013-1 
909 |a Λ  |b 177712 
922 |a 1ΕΛΗ  |b 201210  |c ΤΜΗΜΑ ΚΟΙΝΩΝΙΚΗΣ ΑΝΘΡΩΠΟΛΟΓΙΑΣ ΚΑΙ ΙΣΤΟΡΙΑΣ  |d ΙΩΑΝΝΙΔΟΥ 
970 |a ΤΖΑΦΕΡΗ  |b ΕΥΑΓΓΕΛΙΑ  |z 2013/02/26